Вып. 1; Научно-методические проблемы активизации познавательной деятельности студентов

Dettagli Bibliografici
Parent link:Научно-методические проблемы активизации познавательной деятельности студентов: сборник научных трудов/ Харьковский политехнический институт (ХПИ). Вып. 1.— , 1984-1988
Altri autori: Тарлев В. Г. (редактор)
Lingua:russo
Pubblicazione: 1984
Soggetti:
Natura: Libro
KOHA link:https://koha.lib.tpu.ru/cgi-bin/koha/opac-detail.pl?biblionumber=285206

MARC

LEADER 00000nam2a2200000 4500
001 285206
005 20231101235754.0
035 |a (RuTPU)RU\TPU\book\309435 
035 |a RU\TPU\book\284378 
090 |a 285206 
100 |a 20150221d1984 k y0rusy50 ca 
101 0 |a rus 
102 |a UA 
105 |a a z 001zy 
200 0 |a Вып. 1  |f отв. ред. В. Г. Тарлев 
210 |d 1984 
215 |a 80 с.  |c ил. 
320 |a Библиография в конце статей 
461 1 |0 (RuTPU)RU\TPU\book\277576  |t Научно-методические проблемы активизации познавательной деятельности студентов  |o сборник научных трудов  |f Харьковский политехнический институт (ХПИ)  |v Вып. 1  |d 1984-1988  |s Вестник Харьковского политехнического института ; № 207 
606 1 |a Педагогика высшей школы  |2 stltpush  |3 (RuTPU)RU\TPU\subj\48417  |9 67288 
610 1 |a обучение 
610 1 |a познавательная деятельность 
610 1 |a активация 
610 1 |a учебно-воспитательный процесс 
610 1 |a проблемные ситуации 
610 1 |a программированное обучение 
610 1 |a наглядные пособия 
610 1 |a использование 
610 1 |a деловые игры 
610 1 |a студенты 
610 1 |a самостоятельная работа 
686 |a Ч481  |2 rubbk 
702 1 |a Тарлев  |b В. Г.  |4 340 
801 1 |a RU  |b 63413507  |c 20120123 
801 2 |a RU  |b 63413507  |c 20160922  |g RCR 
942 |c BK